| 000 | 00614nam a22001817a 4500 | ||
|---|---|---|---|
| 003 | OSt | ||
| 005 | 20251023024038.0 | ||
| 008 | 251023b |||||||| |||| 00| 0 eng d | ||
| 020 | _a971-0412-49-5 | ||
| 040 |
_aDWC-Main lib. _cOC |
||
| 082 | _aFil. 899.211 M357p 2013 | ||
| 100 | _aServillano T. Marquez | ||
| 245 |
_aPanitikang Pilipino _b: interaktibo at integratibong talakay/ _cServillano T. Marquez |
||
| 260 |
_aMandaluyong City, Phils. _b: Books Atbp. Publishing _c, c2013. |
||
| 300 |
_axv, 356 pages _c ; 22 cm. |
||
| 650 | _aLiterature--Study and teaching--Filipino. | ||
| 942 |
_2ddc _cBK - FIL _kFil. _n0 |
||
| 999 |
_c5038 _d5038 |
||